000 00677nam a2200205Ii 4500
003 JO-AjNU
008 230605s9999||||xx |||||||||||||| ||und||
040 _aJO-AjNU
_bara
_erda
_cJO-AjNU
041 _aara
050 1 4 _aPJ8401.S4 1997
100 3 _aالشكعة، مصطفى,
_eauthor
_952123
245 0 0 _aالأدب الأندلسي موضوعاته وفنونه
250 _aط9
264 3 1 _aبيروت: دار العلم للملايين، 1997
300 _a720ص
336 _atext
_btxt
_2rdacontent
337 _aunmediated
_bn
_2rdamedia
338 _avolume
_bnc
_2rdacarrier
650 4 _aالأدب العربي - دراسة ونقد - الأندلس
_952124
999 _aA23070
_c26638
_d26638